[Event "Obro70th Jubilee open Copemhagen CH"]
[Site "Copenhagen"]
[Date "2006.10.18"]
[Round "5"]
[White "Aagaard, Kasper"]
[Black "Brondum, Eric"]
[Result "0-1"]
[WhiteElo "1947"]
[BlackElo "2175"]
[PlyCount "74"]
[EventDate "2006.10.14"]
[EventType "swiss"]
[EventRounds "9"]
[EventCountry "DEN"]

1. e4 c5 2. Nf3 d6 3. d4 cxd4 4. Nxd4 Nf6 5. Nc3 a6 6. Bg5 e6 7. f4 Be7 8. Qd3
Qc7 9. Be2 Nbd7 10. Nb3 b5 11. Bf3 Bb7 12. a4 b4 13. Na2 Nc5 14. Nxc5 dxc5 15.
Qe2 O-O 16. O-O c4 17. Bxf6 gxf6 18. Bh5 Kh8 19. Rae1 Rg8 20. g3 Rad8 21. Kh1
f5 22. Bf3 fxe4 23. Bxe4 Bf6 24. b3 Rd4 25. Bxb7 Qxb7+ 26. Qg2 Qd7 27. Qf3 Rc8
28. f5 e5 29. Nxb4 cxb3 30. Qxb3 Qb7+ 31. Kg1 Rxb4 32. Qd3 Rd8 33. Qe3 Qb6 34.
Qxb6 Rxb6 35. c4 Rc6 36. Rc1 Rd4 37. c5 Rxa4 0-1

[Event "Obro70th Jubilee open Copemhagen CH"]
[Site "Copenhagen"]
[Date "2006.10.22"]
[Round "9"]
[White "Aagaard, Kasper"]
[Black "Petersen, Martin Reib"]
[Result "1/2-1/2"]
[WhiteElo "1947"]
[BlackElo "1948"]
[PlyCount "31"]
[EventDate "2006.10.14"]
[EventType "swiss"]
[EventRounds "9"]
[EventCountry "DEN"]

1. e4 e5 2. Nf3 Nc6 3. d4 exd4 4. Bc4 Bb4+ 5. c3 dxc3 6. bxc3 Ba5 7. Qb3 Qf6 8.
O-O Nge7 9. e5 Nxe5 10. Nxe5 Qxe5 11. Bxf7+ Kd8 12. Bb2 b5 13. c4 bxc4 14. Bxe5
cxb3 15. axb3 Rf8 16. Bc4 1/2-1/2

[Event "Obro70th Jubilee open Copemhagen CH"]
[Site "Copenhagen"]
[Date "2006.10.16"]
[Round "3"]
[White "Aagaard, Kasper"]
[Black "Skovgaard, Peter Nicolai"]
[Result "0-1"]
[WhiteElo "1947"]
[BlackElo "2230"]
[PlyCount "110"]
[EventDate "2006.10.14"]
[EventType "swiss"]
[EventRounds "9"]
[EventCountry "DEN"]

1. e4 c5 2. Nf3 a6 3. d4 cxd4 4. Nxd4 Nf6 5. Nc3 e5 6. Nb3 Bb4 7. Bd3 d5 8.
exd5 Nxd5 9. Bd2 Nxc3 10. bxc3 Bd6 11. O-O O-O 12. Re1 Nc6 13. Be3 Qe7 14. c4
Be6 15. c5 Bc7 16. Qe2 Qh4 17. g3 Qh3 18. Be4 Rad8 19. Rab1 Bd5 20. Bxd5 Rxd5
21. Nd2 Ba5 22. Red1 Bxd2 23. Rxd2 Rxd2 24. Qxd2 Rd8 25. Qe2 Rd7 26. Rd1 h6 27.
a3 e4 28. f3 Rxd1+ 29. Qxd1 Qh5 30. g4 Qh3 31. Qf1 Qxf3 32. Qxf3 exf3 33. Kf2
Ne5 34. h3 f6 35. Bf4 Nc4 36. Bc1 Kf7 37. Kxf3 Ke6 38. Ke4 Ne5 39. Bf4 Nf7 40.
Kd4 g6 41. c4 h5 42. c6 bxc6 43. Kc5 Ne5 44. gxh5 gxh5 45. Bg3 Kf5 46. a4 Ke6
47. Kb6 Kd7 48. Kxa6 Nxc4 49. Kb7 f5 50. Bc7 Na3 51. Kb6 Nc4+ 52. Kb7 c5 53. a5
Nxa5+ 54. Bxa5 f4 55. Be1 f3 0-1

[Event "Obro70th Jubilee open Copemhagen CH"]
[Site "Copenhagen"]
[Date "2006.10.20"]
[Round "7"]
[White "Aagaard, Kasper"]
[Black "Kirkegaard, Niels"]
[Result "1-0"]
[WhiteElo "1947"]
[BlackElo "1995"]
[PlyCount "123"]
[EventDate "2006.10.14"]
[EventType "swiss"]
[EventRounds "9"]
[EventCountry "DEN"]

1. e4 c5 2. Nf3 Nc6 3. d4 cxd4 4. Nxd4 Nf6 5. Nc3 e5 6. Ndb5 d6 7. Bg5 a6 8.
Na3 b5 9. Bxf6 gxf6 10. Nd5 f5 11. c3 Bg7 12. exf5 Bxf5 13. Nc2 O-O 14. Nce3
Be6 15. Bd3 f5 16. O-O Ne7 17. Nxe7+ Qxe7 18. Bxf5 Bf7 19. Be4 Rad8 20. Nf5 Qg5
21. Nxg7 Qxg7 22. Bd5 Bxd5 23. Qxd5+ Qf7 24. Rfd1 Qxd5 25. Rxd5 Kf7 26. Rad1
Ke6 27. Kf1 Rd7 28. R1d2 Rc8 29. g3 Rc4 30. a3 Ke7 31. Kg2 Ke6 32. f3 Rd8 33.
g4 Rd7 34. Kg3 Rf4 35. R2d3 Rd8 36. Rd2 Ke7 37. R2d3 Rf6 38. a4 bxa4 39. Ra5
Rf4 40. Rxa6 Ke6 41. Kh4 Rd7 42. Kh5 Ke7 43. h4 Ke6 44. b3 axb3 45. Rb6 Rc4 46.
Rxb3 Rdc7 47. Rb6 R4c6 48. Rxc6 Rxc6 49. Kh6 Rc7 50. g5 d5 51. h5 e4 52. fxe4
dxe4 53. Rg3 Kf5 54. g6 hxg6 55. hxg6 Rc6 56. Kh7 e3 57. g7 e2 58. Re3 Rxc3 59.
Rxe2 Rh3+ 60. Kg8 Kf6 61. Kf8 Ra3 62. g8=Q 1-0

[Event "Obro70th Jubilee open Copemhagen CH"]
[Site "Copenhagen"]
[Date "2006.10.14"]
[Round "1"]
[White "Aagaard, Kasper"]
[Black "Hansen, Alexei"]
[Result "0-1"]
[WhiteElo "1947"]
[BlackElo "2136"]
[PlyCount "90"]
[EventDate "2006.10.14"]
[EventType "swiss"]
[EventRounds "9"]
[EventCountry "DEN"]

1. e4 c5 2. Nc3 e6 3. g3 Nc6 4. Bg2 g6 5. d3 Bg7 6. Be3 d6 7. Qd2 Nd4 8. Nd1 b5
9. c3 Nc6 10. Ne2 Qb6 11. O-O a5 12. f4 Nge7 13. d4 cxd4 14. cxd4 d5 15. Ndc3
b4 16. Na4 Qb5 17. Nc5 dxe4 18. Bxe4 O-O 19. a4 Qb8 20. Rac1 Rd8 21. Rfd1 Ra7
22. Qd3 Rc7 23. Qb5 Qa8 24. Nb3 Ba6 25. Qb6 Rdc8 26. Rd2 Rb7 27. Bxc6 Nxc6 28.
Qc5 Bf8 29. Qc2 Rbc7 30. Qd1 Ne7 31. Rxc7 Rxc7 32. Nc5 Bc4 33. Nc1 Nf5 34. Bf2
Bd5 35. g4 Bf3 36. Qe1 Bxg4 37. N1d3 Bh3 38. Be3 Qf3 39. Re2 Bg4 40. Nc1 Nxd4
41. Bxd4 Rxc5 42. Rf2 Qd1 43. Qxd1 Bxd1 44. Nd3 Rd5 45. Rd2 Bxa4 0-1

[Event "Obro70th Jubilee open Copemhagen CH"]
[Site "Copenhagen"]
[Date "2006.10.16"]
[Round "3"]
[White "Akdag, Dara Sevkan"]
[Black "Larsen, Thomas Gjerken"]
[Result "1-0"]
[WhiteElo "1989"]
[BlackElo "2109"]
[PlyCount "49"]
[EventDate "2006.10.14"]
[EventType "swiss"]
[EventRounds "9"]
[EventCountry "DEN"]

1. d4 e6 2. c4 f5 3. Nc3 Nf6 4. Bg5 Be7 5. Qc2 O-O 6. e3 d5 7. Bd3 Ne4 8. Bxe7
Qxe7 9. Nge2 c6 10. f3 Nd6 11. c5 Nf7 12. e4 e5 13. exd5 exd4 14. d6 Qe3 15.
Nd1 Qe5 16. O-O Nd7 17. Rc1 Nd8 18. b4 Kh8 19. Qb2 Ne6 20. Bc4 Nf6 21. f4 Nxf4
22. Rxf4 Ne4 23. Qxd4 Qxd4+ 24. Nxd4 g5 25. Rf1 1-0

[Event "Obro70th Jubilee open Copemhagen CH"]
[Site "Copenhagen"]
[Date "2006.10.19"]
[Round "6"]
[White "Akdag, Dara Sevkan"]
[Black "Madsen, Poul Henrik"]
[Result "1/2-1/2"]
[WhiteElo "1989"]
[BlackElo "2116"]
[PlyCount "88"]
[EventDate "2006.10.14"]
[EventType "swiss"]
[EventRounds "9"]
[EventCountry "DEN"]

1. d4 d5 2. c4 c6 3. Nc3 e6 4. Bf4 Nf6 5. e3 Bd6 6. Bg3 Bxg3 7. hxg3 Nbd7 8.
Nf3 Qa5 9. Nd2 O-O 10. Bd3 g6 11. Qf3 dxc4 12. Bxc4 Qf5 13. Qe2 e5 14. e4 Qg4
15. Nf3 exd4 16. Rh4 dxc3 17. Rxg4 cxb2 18. Rxg6+ hxg6 19. Qxb2 b5 20. Bb3 Nxe4
21. Ne5 Nxe5 22. Qxe5 Bg4 23. Bxf7+ Kxf7 24. Qf4+ Nf6 25. f3 Be6 26. g4 Kg7 27.
Qd4 Rad8 28. Qxa7+ Rd7 29. Qc5 Bc4 30. g5 Re8+ 31. Kf2 Re2+ 32. Kg1 Nh5 33.
Qxc6 Rdd2 34. Qc7+ Bf7 35. Qh2 Rxg2+ 36. Qxg2 Rxg2+ 37. Kxg2 Nf4+ 38. Kg3 Ne2+
39. Kf2 Nc3 40. a3 Bc4 41. Rc1 Na4 42. Rd1 Nc5 43. Ke3 Kf7 44. Rd6 Ne6 1/2-1/2

[Event "Obro70th Jubilee open Copemhagen CH"]
[Site "Copenhagen"]
[Date "2006.10.20"]
[Round "7"]
[White "Akdag, Dara Sevkan"]
[Black "Jensen, Bjarke"]
[Result "0-1"]
[WhiteElo "1989"]
[BlackElo "2241"]
[PlyCount "94"]
[EventDate "2006.10.14"]
[EventType "swiss"]
[EventRounds "9"]
[EventCountry "DEN"]

1. d4 g6 2. c4 Bg7 3. Nc3 d6 4. e4 Nd7 5. f4 e5 6. Nf3 exd4 7. Nxd4 Ngf6 8. Bd3
O-O 9. O-O c6 10. Bc2 a5 11. b3 Nc5 12. h3 Re8 13. Re1 Nh5 14. Be3 Qf6 15. Nde2
Qe7 16. Qd2 f5 17. Bxc5 dxc5 18. e5 Be6 19. Nc1 Bh6 20. Nd3 Red8 21. Qe3 Rxd3
22. Qxd3 Nxf4 23. Qf3 Bf7 24. Rad1 Ne6 25. Qg3 Kf8 26. Nd5 cxd5 27. cxd5 Nd4
28. e6 f4 29. Qc3 Rd8 30. exf7 Qd6 31. Qxa5 Kxf7 32. Bd3 b6 33. Qc3 f3 34. Be4
Bg7 35. Qe3 Ne2+ 36. Rxe2 fxe2 37. Qxe2 Bd4+ 38. Kh1 Kg7 39. Bf3 Rf8 40. Qe6
Qf4 41. Qxb6 Be5 42. Kg1 Qe3+ 43. Kh1 Rxf3 44. gxf3 Qxf3+ 45. Kg1 Qxd1+ 46. Kf2
Bd4+ 47. Kg3 Qg1+ 0-1

[Event "Obro70th Jubilee open Copemhagen CH"]
[Site "Copenhagen"]
[Date "2006.10.15"]
[Round "2"]
[White "Antoniewski, Rafal"]
[Black "Skjoldan, Benjamin"]
[Result "1-0"]
[WhiteElo "2509"]
[BlackElo "2188"]
[PlyCount "39"]
[EventDate "2006.10.14"]
[EventType "swiss"]
[EventRounds "9"]
[EventCountry "DEN"]

1. e4 c5 2. Nc3 e6 3. Nf3 a6 4. d4 cxd4 5. Nxd4 b5 6. Bd3 Qb6 7. Nb3 Qc7 8. O-O
Be7 9. Qe2 d6 10. Bd2 Nf6 11. a4 bxa4 12. Rxa4 O-O 13. Rfa1 Bd8 14. Nb5 Qe7 15.
Bb4 Ne8 16. e5 Bd7 17. exd6 Qf6 18. Qe4 Qh4 19. Nc7 Bxa4 20. Qxh4 1-0

[Event "Obro70th Jubilee open Copemhagen CH"]
[Site "Copenhagen"]
[Date "2006.10.22"]
[Round "9"]
[White "Antoniewski, Rafal"]
[Black "Jensen, Bjarke"]
[Result "1-0"]
[WhiteElo "2509"]
[BlackElo "2241"]
[PlyCount "55"]
[EventDate "2006.10.14"]
[EventType "swiss"]
[EventRounds "9"]
[EventCountry "DEN"]

1. e4 c5 2. Nc3 Nc6 3. Bb5 e6 4. Bxc6 dxc6 5. f4 Nf6 6. d3 b6 7. b3 Qc7 8. Nf3
Ba6 9. a4 O-O-O 10. Qe2 Kb8 11. O-O Ne8 12. Ne5 g6 13. Bd2 Bg7 14. a5 b5 15.
Qf2 c4 16. bxc4 bxc4 17. Rfb1+ Ka8 18. Na4 cxd3 19. Nb6+ axb6 20. axb6 Qb7 21.
cxd3 Kb8 22. Rxa6 Bxe5 23. Ra7 Bd4 24. Be3 Bxe3 25. Qxe3 Nd6 26. Qc5 Rd7 27.
Rba1 Nb5 28. Qe5+ 1-0

[Event "Obro70th Jubilee open Copemhagen CH"]
[Site "Copenhagen"]
[Date "2006.10.17"]
[Round "4"]
[White "Antoniewski, Rafal"]
[Black "Glud, Jakob Vang"]
[Result "1/2-1/2"]
[WhiteElo "2509"]
[BlackElo "2418"]
[PlyCount "153"]
[EventDate "2006.10.14"]
[EventType "swiss"]
[EventRounds "9"]
[EventCountry "DEN"]

1. d4 d5 2. c4 e6 3. Nc3 Be7 4. Nf3 Nf6 5. Bg5 O-O 6. e3 Nbd7 7. cxd5 exd5 8.
Bd3 Re8 9. O-O c6 10. Qc2 g6 11. Rab1 Nh5 12. Bxe7 Qxe7 13. b4 a6 14. a4 Nb6
15. Rfe1 Be6 16. a5 Nc8 17. e4 dxe4 18. Bxe4 Nd6 19. d5 cxd5 20. Bxd5 Bf5 21.
Qd2 Qf6 22. Rbc1 Rad8 23. Rxe8+ Rxe8 24. Bb3 Ne4 25. Qe3 Ng7 26. Nxe4 Bxe4 27.
Qd4 Qxd4 28. Nxd4 Nf5 29. Nxf5 Bxf5 30. Bd5 Re7 31. Bf3 Kf8 32. g4 Be4 33. Kg2
Kg7 34. Rc5 h6 35. h4 Kf6 36. g5+ hxg5 37. hxg5+ Kg7 38. Kg3 Bxf3 39. Kxf3 f6
40. Kf4 Kf7 41. f3 Kg7 42. Rd5 Kf7 43. gxf6 Kxf6 44. Rd6+ Kf7 45. Rb6 Kg7 46.
Kg4 Kf7 47. Rd6 Kg7 48. f4 Rf7 49. Re6 Rd7 50. Kf3 Kf7 51. Rb6 Re7 52. Kg4 Rd7
53. Kg5 Rd5+ 54. Kh4 Rd7 55. Kg4 Kg7 56. Kf3 Re7 57. Rd6 Kf7 58. Rb6 Kg7 59.
Kg3 Rd7 60. Kh4 Rf7 61. Kg5 Rf5+ 62. Kg4 Rf7 63. Rd6 Rf6 64. Rd5 Rf7 65. Kg5
Kh7 66. b5 axb5 67. Rxb5 Kg7 68. Kg4 Rc7 69. Rb6 Kf7 70. Kf3 Re7 71. Rd6 Kg7
72. Kg4 Rc7 73. Re6 Kf7 74. Re5 Kf6 75. Kf3 Rc3+ 76. Ke4 Rb3 77. Rc5 1/2-1/2

[Event "Obro70th Jubilee open Copemhagen CH"]
[Site "Copenhagen"]
[Date "2006.10.19"]
[Round "6"]
[White "Antoniewski, Rafal"]
[Black "Rasmussen, Allan Stig"]
[Result "1/2-1/2"]
[WhiteElo "2509"]
[BlackElo "2394"]
[PlyCount "47"]
[EventDate "2006.10.14"]
[EventType "swiss"]
[EventRounds "9"]
[EventCountry "DEN"]

1. e4 c6 2. d4 d5 3. exd5 cxd5 4. c4 Nf6 5. Nc3 e6 6. Nf3 Be7 7. cxd5 Nxd5 8.
Bd3 Nc6 9. O-O O-O 10. Re1 Bf6 11. Be4 Nce7 12. Ne5 Bd7 13. Qd3 g6 14. Qf3 Bc6
15. Bh6 Bg7 16. Bxg7 Kxg7 17. Rad1 h5 18. Re2 Qd6 19. Nxc6 bxc6 20. Na4 Rab8
21. b3 Nf6 22. Nb2 Nxe4 23. Qxe4 Rfd8 24. Rc2 1/2-1/2

[Event "Obro70th Jubilee open Copemhagen CH"]
[Site "Copenhagen"]
[Date "2006.10.17"]
[Round "4"]
[White "Brondum, Eric"]
[Black "Kirkegaard, Niels"]
[Result "1/2-1/2"]
[WhiteElo "2175"]
[BlackElo "1995"]
[PlyCount "35"]
[EventDate "2006.10.14"]
[EventType "swiss"]
[EventRounds "9"]
[EventCountry "DEN"]

1. d4 Nf6 2. Nf3 g6 3. c4 Bg7 4. Nc3 d5 5. cxd5 Nxd5 6. e4 Nxc3 7. bxc3 c5 8.
Be3 Nc6 9. Qd2 Qa5 10. Rb1 b6 11. Bb5 Bb7 12. O-O cxd4 13. cxd4 Qxd2 14. Bxd2
O-O 15. Be3 Na5 16. d5 f5 17. Bd7 Bc8 18. Bxc8 1/2-1/2

[Event "Obro70th Jubilee open Copemhagen CH"]
[Site "Copenhagen"]
[Date "2006.10.19"]
[Round "6"]
[White "Brondum, Eric"]
[Black "Schou Moldt, Thomas"]
[Result "1/2-1/2"]
[WhiteElo "2175"]
[BlackElo "2186"]
[PlyCount "45"]
[EventDate "2006.10.14"]
[EventType "swiss"]
[EventRounds "9"]
[EventCountry "DEN"]

1. c4 Nf6 2. Nc3 d6 3. g3 g6 4. Bg2 Bg7 5. e4 e5 6. Nge2 h5 7. h3 Be6 8. b3 Nc6
9. Bb2 O-O 10. O-O Qd7 11. Kh2 Nh7 12. Nd5 f5 13. exf5 Bxf5 14. d4 Rad8 15. Qd2
Ne7 16. dxe5 dxe5 17. Ba3 Kh8 18. Qe3 Nxd5 19. cxd5 Rfe8 20. Rad1 Nf6 21. Bb2
Kh7 22. Nc3 a6 23. Qe2 1/2-1/2

[Event "Obro70th Jubilee open Copemhagen CH"]
[Site "Copenhagen"]
[Date "2006.10.21"]
[Round "8"]
[White "Brondum, Eric"]
[Black "Roder, Peter"]
[Result "1/2-1/2"]
[WhiteElo "2175"]
[BlackElo "2110"]
[PlyCount "65"]
[EventDate "2006.10.14"]
[EventType "swiss"]
[EventRounds "9"]
[EventCountry "DEN"]

1. d4 Nf6 2. c4 g6 3. Nc3 d5 4. Nf3 Bg7 5. cxd5 Nxd5 6. e4 Nxc3 7. bxc3 c5 8.
Rb1 O-O 9. Be2 cxd4 10. cxd4 Qa5+ 11. Bd2 Qxa2 12. O-O Qe6 13. Qc2 Na6 14. Rfe1
h6 15. Bc4 Qf6 16. Ne5 Qd6 17. Be3 e6 18. Nf3 Kh7 19. e5 Qc6 20. Qe2 Nc7 21.
Rec1 Qd7 22. Nd2 b6 23. Ne4 Bb7 24. Nd6 Bd5 25. Bd3 Qe7 26. Qg4 f5 27. exf6
Rxf6 28. Qg3 Raf8 29. Nf5 exf5 30. Rxc7 Qa3 31. Bxh6 R8f7 32. Bxg7 Kxg7 33.
Rxf7+ 1/2-1/2

[Event "Obro70th Jubilee open Copemhagen CH"]
[Site "Copenhagen"]
[Date "2006.10.19"]
[Round "6"]
[White "Christensen, Christian"]
[Black "Petersen, Nils"]
[Result "1-0"]
[WhiteElo "2088"]
[BlackElo "2013"]
[PlyCount "65"]
[EventDate "2006.10.14"]
[EventType "swiss"]
[EventRounds "9"]
[EventCountry "DEN"]

1. e4 c5 2. Nf3 e6 3. d4 cxd4 4. Nxd4 Nc6 5. Nxc6 bxc6 6. Bd3 d5 7. Nc3 Nf6 8.
Qe2 Be7 9. O-O O-O 10. Rd1 Qc7 11. b3 d4 12. Na4 e5 13. Rf1 Bd6 14. Bd2 c5 15.
Nb2 Qe7 16. Rae1 h6 17. f4 Bg4 18. Qf2 exf4 19. e5 Bxe5 20. Bxf4 Nd7 21. h3
Bxh3 22. gxh3 f6 23. Qg2 g5 24. Nc4 Rae8 25. Qd5+ Kh8 26. Bxe5 Nxe5 27. Nxe5
fxe5 28. Rxf8+ Qxf8 29. Rf1 Qe7 30. Rf7 Qe6 31. Qb7 Kg8 32. Bh7+ Kh8 33. Bf5
1-0

[Event "Obro70th Jubilee open Copemhagen CH"]
[Site "Copenhagen"]
[Date "2006.10.15"]
[Round "2"]
[White "Christensen, Christian"]
[Black "Kirkegaard, Niels"]
[Result "1-0"]
[WhiteElo "2088"]
[BlackElo "1995"]
[PlyCount "135"]
[EventDate "2006.10.14"]
[EventType "swiss"]
[EventRounds "9"]
[EventCountry "DEN"]

1. d4 Nf6 2. Nf3 g6 3. Nc3 d5 4. Bf4 Bg7 5. e3 O-O 6. Be2 c5 7. Ne5 Qb6 8. Na4
Qa5+ 9. c3 Nfd7 10. Ng4 b5 11. Nxc5 Nxc5 12. b4 Qa3 13. bxc5 Qxc3+ 14. Kf1 b4
15. h4 h5 16. Ne5 Ba6 17. Bxa6 Nxa6 18. g4 Bxe5 19. Rc1 Qa3 20. Bxe5 hxg4 21.
h5 g5 22. Qxg4 Qd3+ 23. Kg2 Kh7 24. Rhd1 Qe4+ 25. Qxe4+ dxe4 26. d5 f6 27. Bg3
Rac8 28. c6 Nc7 29. d6 exd6 30. Rxd6 Nb5 31. Rd7+ Kh6 32. Rb7 Nc3 33. c7 a5 34.
Ra7 Ra8 35. Rxa8 Rxa8 36. a3 Rc8 37. axb4 axb4 38. Rc2 Kxh5 39. Rd2 b3 40. Rb2
f5 41. Rxb3 Nd5 42. Rb5 f4 43. exf4 gxf4 44. Bxf4 Kg4 45. Bg3 Nf4+ 46. Bxf4
Kxf4 47. Rc5 Kg4 48. Kf1 Kf3 49. Ke1 Kg4 50. Ke2 Kf4 51. Rc4 Ke5 52. Ke3 Kd5
53. Rc1 Ke5 54. Rc5+ Kd6 55. Kd4 e3 56. fxe3 Ke6 57. Rc6+ Kd7 58. Kd5 Ke7 59.
e4 Kd7 60. e5 Ke7 61. Rh6 Kf7 62. Rh7+ Kg8 63. Re7 Kf8 64. Rd7 Ke8 65. Rd8+
Rxd8+ 66. cxd8=Q+ Kxd8 67. Kd6 Ke8 68. Ke6 1-0

[Event "Obro70th Jubilee open Copemhagen CH"]
[Site "Copenhagen"]
[Date "2006.10.17"]
[Round "4"]
[White "Christensen, Christian"]
[Black "Akdag, Dara Sevkan"]
[Result "0-1"]
[WhiteElo "2088"]
[BlackElo "1989"]
[PlyCount "74"]
[EventDate "2006.10.14"]
[EventType "swiss"]
[EventRounds "9"]
[EventCountry "DEN"]

1. e4 c5 2. Nf3 d6 3. d4 cxd4 4. Nxd4 Nf6 5. Nc3 a6 6. Be3 e6 7. Qd2 b5 8. f3
Bb7 9. g4 Be7 10. Rg1 Nbd7 11. g5 Nh5 12. Bh3 g6 13. O-O-O Nb6 14. Nxe6 fxe6
15. Qd4 e5 16. Qxb6 Qxb6 17. Bxb6 Nf4 18. Bf1 Rc8 19. Ne2 Ne6 20. Bh3 Rc6 21.
Bxe6 Rxb6 22. Bd5 Bxd5 23. Rxd5 O-O 24. Rd3 b4 25. h4 Rc6 26. Kd2 a5 27. c3 Rb8
28. cxb4 axb4 29. Rc1 Ra6 30. Ra1 h6 31. gxh6 Bxh4 32. Rb3 Bg5+ 33. Kd3 Bxh6
34. Kc4 Rc8+ 35. Kxb4 Rb6+ 36. Ka5 Rxb3 37. axb3 Ra8+ 0-1

[Event "Obro70th Jubilee open Copemhagen CH"]
[Site "Copenhagen"]
[Date "2006.10.22"]
[Round "9"]
[White "Christensen, Christian"]
[Black "Hansen, Soren Moller"]
[Result "0-1"]
[WhiteElo "2088"]
[BlackElo "1903"]
[PlyCount "82"]
[EventDate "2006.10.14"]
[EventType "swiss"]
[EventRounds "9"]
[EventCountry "DEN"]

1. e4 g6 2. d4 Bg7 3. Nc3 d6 4. Be3 c6 5. Qd2 b5 6. Bd3 Nd7 7. O-O-O Nb6 8. d5
b4 9. Nb1 c5 10. Qe2 a5 11. Nd2 Nf6 12. h3 Nfd7 13. f4 Na4 14. Nc4 O-O 15. Nf3
Ba6 16. Nfd2 Ndb6 17. e5 Bxc4 18. Nxc4 Nxc4 19. Bxc4 dxe5 20. Kb1 Qd6 21. Bc1
exf4 22. Rhf1 Qf6 23. Rxf4 Nc3+ 24. bxc3 Qxc3 25. Rfd4 Bxd4 26. Rxd4 cxd4 27.
Bh6 Rfc8 28. Bd3 Qc7 29. h4 Qd6 30. Qe4 a4 31. h5 b3 32. Qxd4 bxc2+ 33. Bxc2 e5
34. Qg4 Rab8+ 35. Kc1 Qc5 36. Qe4 Rb4 37. Qd3 Rd4 38. Qe2 Qa3+ 39. Kb1 Rb4+ 40.
Bb3 axb3 41. Qxe5 Qxa2# 0-1

[Event "Obro70th Jubilee open Copemhagen CH"]
[Site "Copenhagen"]
[Date "2006.10.17"]
[Round "4"]
[White "Ertbjerg, Andreas Lund"]
[Black "Roder, Peter"]
[Result "1/2-1/2"]
[WhiteElo "1997"]
[BlackElo "2110"]
[PlyCount "34"]
[EventDate "2006.10.14"]
[EventType "swiss"]
[EventRounds "9"]
[EventCountry "DEN"]

1. e4 c5 2. Nc3 Nc6 3. g3 g6 4. Bg2 Bg7 5. d3 d6 6. Be3 Rb8 7. Qd2 b5 8. Nge2
b4 9. Nd1 Nd4 10. O-O a5 11. Nc1 h5 12. c3 bxc3 13. bxc3 Nc6 14. h3 Bd7 15. f4
a4 16. d4 cxd4 17. cxd4 Qa5 1/2-1/2

[Event "Obro70th Jubilee open Copemhagen CH"]
[Site "Copenhagen"]
[Date "2006.10.14"]
[Round "1"]
[White "Ertbjerg, Andreas Lund"]
[Black "Skovgaard, Peter Nicolai"]
[Result "1/2-1/2"]
[WhiteElo "1997"]
[BlackElo "2230"]
[PlyCount "96"]
[EventDate "2006.10.14"]
[EventType "swiss"]
[EventRounds "9"]
[EventCountry "DEN"]

1. e4 c5 2. Nc3 e6 3. g3 Nc6 4. Bg2 g6 5. d3 Bg7 6. Be3 d6 7. Qd2 Nge7 8. Bh6
Bxh6 9. Qxh6 Qb6 10. O-O-O Bd7 11. Qf4 Nd4 12. Qf6 Rf8 13. Nf3 Nxf3 14. Bxf3
Nc6 15. Rhe1 Qd8 16. Qf4 e5 17. Qe3 Qa5 18. Qg5 Be6 19. Kb1 f6 20. Qh6 Nd4 21.
Bg2 O-O-O 22. Bh3 f5 23. exf5 gxf5 24. f4 b5 25. a3 Rfe8 26. Ne2 Nf3 27. Rh1 b4
28. Bg2 e4 29. dxe4 fxe4 30. Bh3 Bxh3 31. Qxh3+ Kb8 32. axb4 cxb4 33. Nd4 Nxd4
34. Rxd4 Qc5 35. Rdd1 Rc8 36. Qg2 e3 37. Qe2 Re4 38. Rd3 d5 39. Rc1 Rce8 40.
Rb3 Rc4 41. Rd3 d4 42. b3 Rc3 43. Rxd4 Rc8 44. Rd3 Rc6 45. g4 Kb7 46. h4 a5 47.
Re1 Rxc2 48. Qxe3 Qxe3 1/2-1/2

[Event "Obro70th Jubilee open Copemhagen CH"]
[Site "Copenhagen"]
[Date "2006.10.19"]
[Round "6"]
[White "Ertbjerg, Andreas Lund"]
[Black "Pedersen, Thomas Vils"]
[Result "0-1"]
[WhiteElo "1997"]
[BlackElo "2131"]
[PlyCount "116"]
[EventDate "2006.10.14"]
[EventType "swiss"]
[EventRounds "9"]
[EventCountry "DEN"]

1. e4 d5 2. exd5 Qxd5 3. Nc3 Qa5 4. d4 Nf6 5. Nf3 Nc6 6. Bd2 Bg4 7. h3 Bxf3 8.
Qxf3 O-O-O 9. d5 Nxd5 10. Qxf7 Ndb4 11. O-O-O Nd4 12. Be3 Nbxc2 13. Bd3 Nxe3
14. fxe3 Qg5 15. Kb1 Qxe3 16. Rhe1 Qg5 17. Nb5 g6 18. Ka1 Bh6 19. Nxd4 Rxd4 20.
Rxe7 Qd5 21. Rxc7+ Kb8 22. Qe7 Bg5 23. Qg7 Re8 24. Qf7 Rxd3 25. Qxe8+ Kxc7 26.
Rxd3 Qxd3 27. Qf7+ Qd7 28. Qc4+ Kb6 29. Qb3+ Kc7 30. Qg3+ Qd6 31. Qc3+ Kd7 32.
Qg7+ Be7 33. a3 Qd1+ 34. Ka2 Qd5+ 35. Kb1 Qf5+ 36. Ka2 h5 37. Qd4+ Bd6 38. Qxa7
Ke6 39. Qxb7 Qd5+ 40. Qb3 Bc7 41. a4 Kd6 42. Qxd5+ Kxd5 43. b4 Kc4 44. Ka3 Bd6
45. a5 Kb5 46. Kb3 Bxb4 47. a6 Bc5 48. Kc3 Kxa6 49. Kd3 h4 50. Ke4 g5 51. Kf5
Be3 52. Ke4 Bf4 53. Kf3 Kb5 54. Kf2 Kc4 55. Kg1 Kd3 56. Kh1 Ke2 57. Kg1 Ke1 58.
Kh1 Kf2 0-1

[Event "Obro70th Jubilee open Copemhagen CH"]
[Site "Copenhagen"]
[Date "2006.10.21"]
[Round "8"]
[White "Glud, Jakob Vang"]
[Black "Varga, Zoltan"]
[Result "1-0"]
[WhiteElo "2418"]
[BlackElo "2508"]
[PlyCount "57"]
[EventDate "2006.10.14"]
[EventType "swiss"]
[EventRounds "9"]
[EventCountry "DEN"]

1. c4 Nf6 2. g3 c6 3. Bg2 d5 4. Nf3 dxc4 5. Qc2 b5 6. a4 Bb7 7. b3 cxb3 8. Qxb3
a6 9. Ba3 e6 10. Bxf8 Rxf8 11. O-O Qb6 12. d4 Nbd7 13. Nbd2 O-O-O 14. Rfc1 Kb8
15. Rab1 Ka7 16. Qa3 Qa5 17. Nb3 Qxa4 18. Qxa4 bxa4 19. Na5 Rb8 20. Rb4 Ba8 21.
Rxa4 Rb5 22. Rca1 Rfb8 23. Nd2 Nd5 24. e3 Nb4 25. Bf1 Nd5 26. Nac4 Nc7 27. Nd6
f6 28. N2e4 Rb1 29. Rxa6+ 1-0

[Event "Obro70th Jubilee open Copemhagen CH"]
[Site "Copenhagen"]
[Date "2006.10.14"]
[Round "1"]
[White "Glud, Jakob Vang"]
[Black "Christensen, Christian"]
[Result "1-0"]
[WhiteElo "2418"]
[BlackElo "2088"]
[PlyCount "69"]
[EventDate "2006.10.14"]
[EventType "swiss"]
[EventRounds "9"]
[EventCountry "DEN"]

1. c4 e5 2. g3 Nc6 3. Bg2 g6 4. Nc3 Bg7 5. e4 d6 6. Nge2 Nge7 7. O-O Be6 8. Nd5
O-O 9. d3 Rb8 10. Be3 Nd4 11. Nxd4 exd4 12. Bg5 Bxd5 13. exd5 h6 14. Bd2 b5 15.
b3 c5 16. dxc6 bxc4 17. bxc4 Qc7 18. Qa4 Rb6 19. Ba5 Rc8 20. Bxb6 axb6 21. Rab1
Nxc6 22. Qxc6 Qxc6 23. Bxc6 Rxc6 24. Rb5 Bf6 25. Rfb1 Bd8 26. Rd5 Bf6 27. Kg2
Kf8 28. Re1 Bg7 29. Kf3 Bf6 30. Re4 Bg7 31. g4 Bf6 32. Ke2 Kg7 33. h3 Rc5 34.
Rxc5 dxc5 35. Re8 1-0

[Event "Obro70th Jubilee open Copemhagen CH"]
[Site "Copenhagen"]
[Date "2006.10.16"]
[Round "3"]
[White "Glud, Jakob Vang"]
[Black "Hvenekilde, Jorgen"]
[Result "1-0"]
[WhiteElo "2418"]
[BlackElo "2187"]
[PlyCount "57"]
[EventDate "2006.10.14"]
[EventType "swiss"]
[EventRounds "9"]
[EventCountry "DEN"]

1. c4 g6 2. g3 Bg7 3. Bg2 d6 4. Nc3 Nc6 5. d3 Bd7 6. e4 a6 7. Nge2 Rb8 8. a4 a5
9. O-O Qc8 10. Nb5 Nb4 11. d4 c6 12. Nbc3 Bh3 13. f4 Bxg2 14. Kxg2 f5 15. e5 d5
16. cxd5 Qd7 17. Qb3 cxd5 18. Nb5 e6 19. Nd6+ Kd8 20. Bd2 Bf8 21. Bxb4 axb4 22.
Qxb4 Bxd6 23. exd6 Nf6 24. Nc3 Rc8 25. Rac1 Rc6 26. Nb5 Ne4 27. Qa5+ Ke8 28.
Qa8+ Qd8 29. Qxb7 1-0

[Event "Obro70th Jubilee open Copemhagen CH"]
[Site "Copenhagen"]
[Date "2006.10.20"]
[Round "7"]
[White "Glud, Jakob Vang"]
[Black "Mikkelsen, Nikolaj"]
[Result "1/2-1/2"]
[WhiteElo "2418"]
[BlackElo "2260"]
[PlyCount "23"]
[EventDate "2006.10.14"]
[EventType "swiss"]
[EventRounds "9"]
[EventCountry "DEN"]

1. g3 e5 2. c4 f5 3. Bg2 Nc6 4. Nc3 Nf6 5. d3 Bb4 6. Bd2 O-O 7. a3 Bxc3 8. Bxc3
Qe8 9. Nf3 d6 10. Qd2 Bd7 11. O-O h6 12. b4 1/2-1/2